000 01817cas a2200445 a 4500
999 _c7825
_d7825
001 11441167
003 GBCCL
005 20241126110637.0
008 790425d1968199utnuqr 0 a0eng c
010 _a 94649862
_zsn 79002585
022 1 _a0191-4219
_l0191-4219
_21
035 _a(OCoLC)ocm04893328
037 _bSunday School Board of the Southern Baptist Convention, 127 Ninth Ave. North, Nashville, TN 37234
040 _aNSD
_beng
_cNSD
_dNSD
_dDLC
_dOCLCQ
_dDLC
_dNSD
_dOCLCQ
_dDLC
_dOCLCO
_dOCLCF
042 _ansdp
_apcc
050 0 0 _aBX6225
_b.H63
082 0 0 _a268.61
_bHOB
222 0 _aStudying adult life and work lessons
245 0 0 _aStudying adult life and work lessons /
_cHerschel H. Hobbs.
246 3 0 _aAdult life and work lessons
246 1 _iAlso called:
_aHerschel Hobbs commentary : studying adult life and work lesson
260 _aNashville, Tenn. :
_bConvention Press
300 _av. ;
_c21 cm.
310 _aQuarterly
362 1 _aBegan in 1968.
550 _aIssued <1992-> by: Southern Baptist Convention. Sunday School Board.
588 _aDescription based on: Oct./Dec. 1971.
588 _aLatest issue consulted: Vol. 28, no 4 (July/Sept. 1996) (surrogate).
590 _aSERBIB/SERLOC merged record
650 0 _aChristian education
_xTextbooks for adults
_xBaptist
_vPeriodicals.
_913670
655 7 _aPeriodicals.
_2fast
_0(OCoLC)fst01411641
_95568
700 1 _aHobbs, Herschel H.
_93868
710 2 _aSouthern Baptist Convention.
_bSunday School Board.
_96027
780 0 0 _tStudying life and work lessons
_w(DLC) 68009027
_w(OCoLC)31188467
785 0 0 _tHerschel Hobbs commentary
_x1550-719X
_w(DLC) 2004209807
_w(OCoLC)47759388
906 _a7
_bcbc
_cserials
_du
_encip
_f19
_gn-oclcserc
942 _2ddc
_cBK
_02